Escuela Superior de Agricultura
Descripción Física:
31 p. : il. ; 21 cm
MARC
| LEADER | 00000nam a2200000Ia 4500 | ||
|---|---|---|---|
| 001 | 6131 | ||
| 008 | 160829s1929 xx 000 0 cat d | ||
| 080 | |a RF-5-13 | ||
| 110 | 2 | |a Escola Superior d'Agricultura de Barcelona |9 70055 | |
| 245 | |a Escuela Superior de Agricultura | ||
| 260 | |a Barcelona : |b (Imp. de la Casa Prov. de Caridad), |c 1929 | ||
| 300 | |a 31 p. : |b il. ; |c 21 cm | ||
| 590 | |a Abans del títol: Diputación Provincial de Barcelona. | ||
| 590 | |a Hi ha un duplicat: R. 9638, DUP-21-24 | ||
| 650 | |a Escola Superior d'Agricultura de Barcelona | ||
| 710 | 1 | |a Barcelona (Catalunya : Província). |b Diputació |9 52408 | |
| 856 | 4 | |u https://media.diba.cat/diba/fitxers/arxiu/fulletons/bib_6131_1929_baixa.pdf |y Accés lliure | |
| 856 | 4 | |u https://media.diba.cat/diba/fitxers/arxiu/fulletons/bib_6131_1929_baixa.pdf |y Accés lliure | |
| 901 | |a Arxiu | ||
| 942 | |n 1 |2 udc | ||
| 952 | |0 0 |1 0 |4 0 |6 RF513 |7 1 |9 44186 |a Arxiu |b Arxiu |d 2016-12-01 |l 0 |o RF-5-13 |p 6131 |r 2016-12-01 00:00:00 |w 2016-12-01 |y ARXIU | ||
| 999 | |c 46766 |d 46766 | ||
| 900 | |a bib_6131_1929_baixa.pdf | ||